000
00284 a2200145 4500
001
169703
020
_a
040
_c
Magnum
100
_a
Jornal do Brasil
240
1
0
_a
Minas turismo
_l
por
245
1
0
_a
Minas turismo
362
0
_a
1899
697
_a
PARADIDATICO
942
_c
BK
999
_c
169703
_d
169703